Paragraphs and essays: a work text with readings. / (Record no. 1637)

MARC details
000 -LEADER
fixed length control field 01328nam a22001457a 4500
008 - FIXED-LENGTH DATA ELEMENTS--GENERAL INFORMATION
fixed length control field 120705t xxu||||| |||| 00| 0 eng d
050 ## - LIBRARY OF CONGRESS CALL NUMBER
Classification number PE1439.B68
100 ## - MAIN ENTRY--PERSONAL NAME
Personal name Lee, Brandon.
245 ## - TITLE STATEMENT
Title Paragraphs and essays: a work text with readings. /
Statement of responsibility, etc. Brandon Lee.
250 ## - EDITION STATEMENT
Edition statement 8 ed.
300 ## - PHYSICAL DESCRIPTION
Extent xxi, 506 p.:
Dimensions 28cm.
500 ## - GENERAL NOTE
General note Includes index.
505 ## - FORMATTED CONTENTS NOTE
Formatted contents note Contents: Student overview -- The Writing process: Stage one exploring/experimenting/gathering information -- The Writing process: Stage two writing the idea/organizing and developing support -- The Writing process: Stage three writing/revising/editing -- Writing the paragraph -- Writing the essay -- Reading-related writing -- Narration: Moving throug time -- Description: Through space -- Exemplification: Writing with examples -- Analysis by division: Examining the parts -- Process analysis: Writing about doing -- Cause and effect: Determining reasons and outcomes -- Classification: Establishing groups -- Comparison and contrast: Showing similarities and differences -- Definition: Claring terms -- Literary analysis: Reacting to stories -- Argument: Writing to persuade -- The Research paper -- Writing effective sentences -- Appendix A: Parts of speech -- Appendix B: Taking tests -- Appendix C: Writing a job application letter and a resume.
942 ## - ADDED ENTRY ELEMENTS (KOHA)
Source of classification or shelving scheme Library of Congress Classification
Koha item type Books
Holdings
Withdrawn status Lost status Source of classification or shelving scheme Damaged status Not for loan Home library Current library Shelving location Date acquired Total Checkouts Full call number Barcode Date last seen Copy number Price effective from Koha item type
    Library of Congress Classification     WISCONSIN INTERNATIONAL UNIVERSITY COLLEGE, GHANA - MAIN LIBRARY WISCONSIN INTERNATIONAL UNIVERSITY COLLEGE, GHANA - MAIN LIBRARY General Stacks 05/07/2012   PE1439.B68 4521/12 05/07/2012 1 05/07/2012 Books

If you have any concerns or questions; kindly contact the library


© Powered by WIUC ICT DIRECTORATE